FDI : issues in emerging economies (Record no. 187405)

MARC details
000 -LEADER
fixed length control field 00397nam a2200157Ia 4500
005 - DATE AND TIME OF LATEST TRANSACTION
control field 20250417092546.0
008 - FIXED-LENGTH DATA ELEMENTS--GENERAL INFORMATION
fixed length control field 231217s9999 xx 000 0 und d
020 ## - INTERNATIONAL STANDARD BOOK NUMBER
International Standard Book Number 9788131403617
082 ## - DEWEY DECIMAL CLASSIFICATION NUMBER
Classification number 332.15 SEE;1
100 ## - MAIN ENTRY--PERSONAL NAME
Personal name Seethapathi, K ed.
245 #0 - TITLE STATEMENT
Title FDI : issues in emerging economies
260 ## - PUBLICATION, DISTRIBUTION, ETC. (IMPRINT)
Date of publication, distribution, etc. 2006
Name of publisher, distributor, etc. Icfai
Place of publication, distribution, etc. Hyderabad
300 ## - PHYSICAL DESCRIPTION
Extent vi, 204
650 ## - SUBJECT ADDED ENTRY--TOPICAL TERM
Topical term or geographic name as entry element FDI,economies
942 ## - ADDED ENTRY ELEMENTS (KOHA)
Koha item type Books
Holdings
Date last seen Total Checkouts Full call number Accession number Old discount Cost, replacement price Price effective from Category Public note Lost status Damaged status Department Withdrawn status bill no. bill date Permanent Location Current Location Shelving location Entry date Vendor Cost, normal purchase price Grants Currency symbol Conversion rate Discount Discount type
26/01/2024   332.15 SEE;1 64062   38.00 26/01/2024 Books 64062     Central Library   1993 25/02/2014 Central Library Central Library Central Library 26/10/2010 ICFAI Press 38.00 MBA RS 1   Rupees
26/01/2024   332.15 SEE;2 64063   38.00 26/01/2024 Books 64063     Central Library   1993 25/02/2014 Central Library Central Library Central Library 26/10/2010 ICFAI Press 38.00 MBA RS 1   Rupees
26/01/2024   332.15 SEE;3 66367   38.00 26/01/2024 Books 66367     Central Library   1993 28/10/2014 Central Library Central Library Central Library 18/10/2010 ICFAI Press 38.00 MBA RS 1   Rupees
26/01/2024   332.15 SEE;4 71374   38.00 26/01/2024 Books 71374     Central Library   1993 10/01/2015 Central Library Central Library Central Library 02/12/2010 ICFAI Press 38.00 MBA RS 1   Rupees

© For any Suggestions or Query, please contact the library staff @ librarian@pes.edu or Phone: +9180 2672 1983/ 2108.